Computer Graphics with Open GL (Record no. 132577)

000 -LEADER
fixed length control field 00387nam a2200145Ia 4500
008 - FIXED-LENGTH DATA ELEMENTS--GENERAL INFORMATION
fixed length control field 220120s9999||||xx |||||||||||||| ||und||
020 ## - INTERNATIONAL STANDARD BOOK NUMBER
International Standard Book Number 9788120337756
082 ## - DEWEY DECIMAL CLASSIFICATION NUMBER
Classification number 006.6 HEA
100 ## - MAIN ENTRY--PERSONAL NAME
Personal name Hearn, Donald and Baker, Pauline M
9 (RLIN) 12866
245 #0 - TITLE STATEMENT
Title Computer Graphics with Open GL
250 ## - EDITION STATEMENT
Edition statement 3
260 ## - PUBLICATION, DISTRIBUTION, ETC.
Place of publication, distribution, etc. Pearson
Name of publisher, distributor, etc. New delhi
Date of publication, distribution, etc. 2011
300 ## - PHYSICAL DESCRIPTION
Extent xvii;645
Other physical details 395
650 ## - SUBJECT ADDED ENTRY--TOPICAL TERM
Topical term or geographic name entry element MECHANICAL
Holdings
Withdrawn status Lost status Damaged status Not for loan Collection code Home library Current library Date acquired Barcode Date last seen Price effective from Koha item type
        Computer Science and Engineering Central Library Central Library 01/20/2022 ST233 01/20/2022 01/20/2022 Scheduled Tribe Book Bank

Powered by Koha